Posiciones de sectores políticos y sociales en la negociación del Acuerdo de Asociación Centroamérica - Unión Europea /
Αποθηκεύτηκε σε:
| Κύριος συγγραφέας: | |
|---|---|
| Άλλοι συγγραφείς: | |
| Μορφή: | Κείμενο |
| Θέματα: | |
| Ετικέτες: |
Προσθήκη ετικέτας
Δεν υπάρχουν, Καταχωρήστε ετικέτα πρώτοι!
|
MARC
| LEADER | 00000 a a2200000 04500 | ||
|---|---|---|---|
| 001 | 38476 | ||
| 003 | |||
| 040 | |||
| 090 | |a 0001 A367p | ||
| 100 | |a Alemán, Héctor | ||
| 245 | |a Posiciones de sectores políticos y sociales en la negociación del Acuerdo de Asociación Centroamérica - Unión Europea / |c Héctor Alemán | ||
| 300 | |a 43 p. | ||
| 650 | |a ASPECTOS POLITICOS | ||
| 650 | |a ACUERDOS INTERNACIONALES | ||
| 650 | |a INTEGRACION REGIONAL | ||
| 650 | |a REDES | ||
| 650 | |a ORGANIZACIONES POPULARES | ||
| 650 | |a NEGOCIACIONES INTERNACIONALES | ||
| 650 | |a EVALUACION DEL IMPACTO AMBIENTAL | ||
| 650 | |a AMERICA CENTRAL | ||
| 650 | |a EUROPA | ||
| 700 | |a Campbell, Francisco |a Padrón, Alvaro |a Balbis, Jorge | ||
| 999 | |c 17256 |d 17256 | ||
